Disembodying women : perspectives on pregnancy and the unborn

Αποθηκεύτηκε σε:
Λεπτομέρειες βιβλιογραφικής εγγραφής
Κύριος συγγραφέας: Duden, Barbara
Άλλοι συγγραφείς: Hoinacki, Lee 1928- (Μεταφραστής)
Μορφή: Βιβλίο
Γλώσσα:English
Δημοσίευση: Cambridge : Harvard University Press, 1993.
Θέματα:
Ετικέτες: Προσθήκη ετικέτας
Δεν υπάρχουν, Καταχωρήστε ετικέτα πρώτοι!

MARC

LEADER 00000cam a2200000 i 4500
001 1/102111
008 950428s1993 eng d
020 |a 0-674-21267-3 
035 |l 10012371 
040 |a GR-MY-UA  |b gre  |e aacr 
041 0 |a eng 
082 0 |a 305.4 
100 1 |a Duden, Barbara. 
245 1 0 |a Disembodying women :   |b perspectives on pregnancy and the unborn /   |c Barbara Duden ; translated by Lee Hoinacki.  
260 |a Cambridge :   |b Harvard University Press,   |c 1993.  
300 |a 126 σ.  
504 |a Περιλαμβάνει βιβλιογραφικές παραπομπές και ευρετήριο.  
650 0 0 |a Pregnant women  |x Public opinion  |x History  |y 20th century. 
650 0 0 |a Pregnancy  |x Moral and ethical aspects. 
650 0 0 |a Pregnancy  |x Social aspects. 
650 0 0 |a Unborn children (Law) 
650 0 0 |a Human body  |x Social aspects. 
700 1 |a Hoinacki, Lee  |d 1928-  |e trl 
852 |a INST  |b LESVOS  |e 19950428  |h 305.4 DUD  |p 005100000692  |q 005100000692  |t BK  |y 0 
909 |a Λ  |b 040847 
950 |a 020-1995-02-23